|
|
|
|
| LEADER |
01286nam a2200289 u 4500 |
| 001 |
10022265 |
| 003 |
upatras |
| 005 |
20210512090407.0 |
| 008 |
990527s1994 uk eng |
| 020 |
|
|
|a 0631195130
|
| 040 |
|
|
|a GR-PaULI
|c GR-PaULI
|
| 041 |
0 |
|
|a eng
|
| 082 |
0 |
4 |
|a 421.5
|
| 100 |
1 |
|
|a Kenstowicz, Michael
|9 59281
|
| 245 |
1 |
0 |
|a Instructor's manual for phonology in generative grammar
|c Michael Kenstowicz
|
| 260 |
|
|
|a Oxford
|b Blackwell
|c 1994
|
| 300 |
|
|
|a 39 p.
|c 28 cm.
|
| 650 |
|
4 |
|a Αγγλική γλώσσα
|x Φωνολογία
|9 45302
|
| 650 |
|
4 |
|a Γλωσσολογία
|x Φωνολογία
|9 1313
|
| 650 |
|
4 |
|a Αγγλική γλώσσα
|x Γραμματική
|9 1673
|
| 852 |
|
|
|a GR-PaULI
|b ΠΑΤΡΑ
|b ΒΚΠ
|b ΒΣ1
|k ΑΣΧΞ
|h 421.5 K
|m 044132
|p 025000057698
|t 1
|
| 852 |
|
|
|a GR-PaULI
|b ΠΑΤΡΑ
|b ΒΚΠ
|b ΒΣ1
|k ΑΣΧΞ
|h 421.5 K
|m 044133
|p 025000057699
|t 2
|
| 942 |
|
|
|2 ddc
|c BK15
|
| 952 |
|
|
|0 0
|1 0
|4 0
|6 421_500000000000000_K
|7 0
|9 186406
|a LISP
|b LISP
|c BSC
|d 2016-04-24
|i 044132
|l 0
|o 421.5 K
|p 025000057698
|r 2016-04-24 00:00:00
|t 1
|w 2016-04-24
|y BK15
|
| 952 |
|
|
|0 0
|1 0
|4 0
|6 421_500000000000000_K
|7 0
|9 186407
|a LISP
|b LISP
|c BSC
|d 2016-04-24
|i 044133
|l 0
|o 421.5 K
|p 025000057699
|r 2016-04-24 00:00:00
|t 2
|w 2016-04-24
|y BK15
|
| 998 |
|
|
|c ΗΛΙΟΠΟΥΛΟΥ
|d 1999-05
|
| 999 |
|
|
|c 114854
|d 114854
|